000 00432nam a2200133Ia 4500
008 100328s9999 xx 000 0 und d
082 _b20928
100 _aढेरे रा.चि.-संपा.
245 _aहरिवरदा खंड 4था
260 _bकोपर्डेकर द.र.
630 _aहरिवरदा खंड 4था
730 _aहरिवरदा खंड 4था
942 _cBOOK
999 _c514996
_d514993